[Event "FIDE Womens Grand Swiss 2021"]
[Site "Riga"]
[Date "2021.11.06"]
[Round "10.9"]
[White "Girya, Olga"]
[Black "Saduakassova, Dinara"]
[Result "1/2-1/2"]
[WhiteElo "2410"]
[BlackElo "2491"]
[Annotator "TA"]
[PlyCount "61"]
[EventDate "2021.10.27"]
[EventType "swiss"]
[EventCountry "LAT"]
[Tiebreak "Cut1 Buchholz+Sonneborn-Berger (Swiss)"]
[SourceTitle "playchess.com"]
[Source "ChessBase"]
[SourceQuality "1"]

{[%evp 15,61,8,22,21,14,2,25,15,5,0,0,0,4,8,50,56,53,32,34,33,39,33,33,31,111,
108,117,113,114,112,75,-22,8,8,8,8,8,8,11,11,12,12,18,18,15,15,18,0]} 1. d4 Nf6
2. c4 e6 3. Nf3 b6 4. g3 Ba6 5. b3 Bb4+ 6. Bd2 Be7 7. Nc3 d5 $1 {[%mdl 4] is
currently scoring better than 7...0-0.} 8. cxd5 exd5 9. Bg2 {E15: Queen's
Indian: 4 g3 sidelines, 4 g3 Ba6 and 4 g3 Bb7 early deviations.} O-O 10. Rc1
Re8 11. Ne5 {White has an edge.} Bb7 {[#]} 12. Bf4 $146 ({Predecessor:} 12. O-O
Nbd7 13. Nb5 c5 14. Bf4 Nf8 15. Bh3 a6 16. Nxf7 Kxf7 17. Bc7 axb5 18. Bxd8
Rexd8 {0-1 (53) Dzhafarov,K (2296)-Szymanski,R (2452) ICCF email 2015}) 12...
Nh5 13. Be3 Nf6 14. O-O Nbd7 15. Nb5 c5 16. b4 {[%cal Rb4c5]} Bf8 17. Bf4 Nxe5
18. dxe5 Nh5 19. Be3 {[%cal Rb4c5]} Bc6 ({Black should play} 19... Rxe5 $14 20.
bxc5 Rxe3) 20. a4 $16 {[%cal Rb4c5]} Rxe5 21. bxc5 {Strongly threatening Nxa7!}
Rxe3 {[#]} 22. cxb6 $1 ({Don't play} 22. fxe3 Bxc5 23. Nd4 Bb7 $14) 22... Re6
23. Nd4 (23. Nc7 $16 Bb7 24. Nxe6 fxe6 25. Rc7) 23... Qxb6 {...Nf6 is the
strong threat.The position is equal.} (23... Be8 {is interesting.} 24. Nxe6
fxe6 25. b7 Rb8 26. Rb1 a5) 24. Nxc6 Rxc6 25. Qxd5 Rxc1 26. Rxc1 Nxg3 27. hxg3
Rd8 {[#]} 28. a5 $1 Rxd5 (28... Qd6 29. Qxd6) 29. axb6 Rc5 30. Rxc5 Bxc5 31.
bxa7 {Weighted Error Value: White=0.10/Black=0.12} 1/2-1/2

[Event "FIDE Womens Grand Swiss 2021"]
[Site "Riga"]
[Date "2021.11.06"]
[Round "10.10"]
[White "Stefanova, Antoaneta"]
[Black "Vaishali R"]
[Result "1/2-1/2"]
[WhiteElo "2475"]
[BlackElo "2419"]
[Annotator "TA"]
[PlyCount "148"]
[EventDate "2021.10.27"]
[EventType "swiss"]
[EventCountry "LAT"]
[Tiebreak "Cut1 Buchholz+Sonneborn-Berger (Swiss)"]
[SourceTitle "playchess.com"]
[Source "ChessBase"]
[SourceQuality "1"]

{[%evp 9,148,16,30,31,32,26,33,9,14,12,16,26,22,25,33,33,29,25,26,27,59,19,25,
32,28,22,18,16,25,25,34,18,17,25,16,22,12,16,103,110,104,97,152,125,139,128,
143,141,143,116,129,70,133,128,114,62,68,49,71,80,71,71,74,68,88,92,83,84,157,
107,123,57,81,70,72,44,53,6,4,4,6,8,5,5,8,8,10,8,8,10,8,0,0,0,0,0,0,0,0,0,0,0,
0,0,0,0,0,0,0,0,0,0,8,8,8,0,107,107,107,107,107,107,107,107,107,107,107,0,0,0,
0,0,0,0,0,0,0,0,0,0,0]} 1. Nf3 Nf6 2. c4 c5 3. g3 Nc6 4. Bg2 d6 5. O-O g6 6. d4
{A30: Symmetrical English: Double Fianchetto and Hedgehog.} cxd4 7. Nxd4 Bd7 8.
Nb3 {[#] White is slightly better.} h5 $146 ({Predecessor:} 8... a5 9. a4 Bg7
10. c5 d5 11. Nc3 Nb4 12. Bf4 Nh5 13. Nxd5 Nxf4 14. gxf4 Nxd5 15. Qxd5 {
1-0 (40) Burmakin,V (2534)-Zakharov,A (2430) Tula 1999}) 9. c5 h4 10. cxd6 hxg3
11. hxg3 Bh3 12. Bxh3 Rxh3 13. Kg2 Rh5 14. Nc3 e6 15. Rh1 Qxd6 16. Qxd6 Bxd6
17. Rxh5 Nxh5 18. Nb5 Be5 19. f4 Bb8 20. Be3 a6 21. Nc3 Bc7 22. Rd1 Rd8 23. Rh1
e5 (23... f5 $11) 24. f5 $1 $16 b6 25. Bg5 Ne7 (25... Rc8 $142) 26. e3 f6 27.
fxg6 {aiming for g4.} fxg5 28. Rxh5 Nxg6 29. Ne4 Ne7 30. Nxg5 (30. Kf3 $16)
30... Rd6 (30... Rd1 $14) 31. Rh8+ Kd7 32. Rh7 ({White should try} 32. Rh1 $16)
32... Rc6 $14 33. Rf7 a5 34. Rf2 a4 35. Nd2 Nd5 {[#]} 36. Nf1 $1 Rc1 37. Rd2
Kc6 38. e4 Nb4 (38... Nf6 $142) 39. a3 Nc2 40. Ne6 (40. g4 $16) 40... b5 41.
Nxc7 Kxc7 $16 {[%mdl 4096] Endgame KRN-KRN} 42. g4 Nd4 43. Ng3 Ne6 44. Ne2 Rc4
45. Nc3 Kc6 46. Kg3 Ng5 47. Rd8 {Hoping for Rc8+.} Rd4 $1 {[%cal Rd4d8]} 48.
Rc8+ Kd7 $1 {[%cal Rd7c8]} 49. Rb8 Kc6 50. Rc8+ ({Of course not} 50. Rxb5 Nxe4+
51. Kf3 Nxc3 $15) 50... Kd7 $1 {[%cal Rd7c8]} 51. Rc5 b4 $1 {[%cal Rb4c3]} 52.
axb4 {Rd5+ is the strong threat.} Nxe4+ 53. Nxe4 Rxe4 $11 {KR-KR} 54. b5 Rb4
55. Rxe5 Rxb2 56. Kh4 (56. Re4 {is more complex.} a3 57. Ra4 a2 58. Ra6 Kc7 59.
Kf4) 56... a3 {Threatens to win with ...a2.} 57. Re3 a2 58. Ra3 Ke7 59. g5 Kf7
60. Ra7+ (60. Ra6 {with more complications.} Rh2+ 61. Kg4 Rg2+ 62. Kf5 Rf2+ 63.
Ke4) 60... Kg8 61. Kh5 Rxb5 62. Kh6 {And now Ra8+ would win.} (62. Ra8+ {
is interesting.} Kg7 63. Rxa2 Rb6 64. Ra7+ Kg8 65. Ra5) 62... Rb6+ (62... Rb2
$11) 63. g6 $16 {White wants to mate with Ra8+.} Rb8 64. Rxa2 Rc8 65. Ra7 Rb8
66. Rg7+ Kh8 {[#]} 67. Re7 $1 Kg8 68. Kg5 (68. Re2 $16) 68... Rb5+ {The
position is equal.} 69. Kf6 {[%cal Re7e8]} Rb6+ 70. Re6 Rxe6+ 71. Kxe6 Kg7 72.
Kf5 Kg8 73. Kg4 Kg7 74. Kg5 Kg8 {Weighted Error Value: White=0.08/Black=0.10}
1/2-1/2

[Event "FIDE Womens Grand Swiss 2021"]
[Site "Riga"]
[Date "2021.11.06"]
[Round "10.11"]
[White "Cramling, Pia"]
[Black "Zawadzka, Jolanta"]
[Result "1/2-1/2"]
[WhiteElo "2447"]
[BlackElo "2428"]
[Annotator "NA"]
[PlyCount "62"]
[EventDate "2021.10.27"]
[EventType "swiss"]
[EventCountry "LAT"]
[Tiebreak "Cut1 Buchholz+Sonneborn-Berger (Swiss)"]
[SourceTitle "playchess.com"]
[Source "ChessBase"]
[SourceQuality "1"]
[TimeControl "40/6000+30:20/3000+30:900+30"]

1. d4 {[%emt 0:10:06]} d5 {[%emt 0:10:05]} 2. c4 {[%emt 0:00:32]} e6 {[%emt 0:
00:06]} 3. Nf3 {[%emt 0:02:34]} Nf6 {[%emt 0:00:06]} 4. g3 {[%emt 0:00:11]} Be7
{[%emt 0:00:24]} 5. Bg2 {[%emt 0:00:16]} O-O {[%emt 0:00:08]} 6. O-O {[%emt 0:
00:17]} c6 {[%emt 0:00:05]} 7. Nc3 {[%emt 0:10:44]} Nbd7 {[%emt 0:00:32]} 8.
Qd3 {[%emt 0:02:13]} b6 {[%emt 0:00:36]} 9. cxd5 {[%emt 0:08:20]} cxd5 {
[%emt 0:03:35]} 10. Bf4 {[%emt 0:00:35]} Bb7 {[%emt 0:07:15]} 11. Nb5 {[%emt 0:
10:00]} Ne4 {[%emt 0:06:31]} 12. Rfc1 {[%emt 0:03:55]} a6 {[%emt 0:05:00]} 13.
Nc3 {[%emt 0:01:37]} Rc8 {[%emt 0:02:53]} 14. Ne5 {[%emt 0:08:14]} Nxe5 {
[%emt 0:13:38]} 15. Bxe5 {[%emt 0:00:15]} f6 {[%emt 0:12:09]} 16. Bf4 {[%emt 0:
00:19]} g5 {[%emt 0:00:11]} 17. Nxe4 {[%emt 0:11:10]} gxf4 {[%emt 0:00:47]} 18.
Nd2 {[%emt 0:01:18]} Qd6 {[%emt 0:01:48]} 19. gxf4 {[%emt 0:04:29]} Qxf4 {
[%emt 0:00:55]} 20. Qg3+ {[%emt 0:02:11]} Qxg3 {[%emt 0:00:12]} 21. hxg3 {
[%emt 0:00:05]} Kf7 {[%emt 0:15:54]} 22. e3 {[%emt 0:00:26]} a5 {[%emt 0:01:46]
} 23. Bf1 {[%emt 0:00:58]} Rxc1 {[%emt 0:02:06]} 24. Rxc1 {[%emt 0:00:06]} Rc8
{[%emt 0:00:10]} 25. Rxc8 {[%emt 0:03:29]} Bxc8 {[%emt 0:00:04]} 26. Bd3 {
[%emt 0:02:23]} h6 {[%emt 0:00:54]} 27. f4 {[%emt 0:02:47]} e5 {[%emt 0:06:37]}
28. fxe5 {[%emt 0:04:13]} fxe5 {[%emt 0:00:06]} 29. dxe5 {[%emt 0:00:57]} Bg4 {
[%emt 0:13:26]} 30. Kf2 {[%emt 0:01:48]} Ke6 {[%emt 0:02:25]} 31. Nf3 {[%emt 0:
00:14]} Bxf3 {[%emt 0:01:54]} 1/2-1/2

[Event "FIDE Womens Grand Swiss 2021"]
[Site "Riga"]
[Date "2021.11.06"]
[Round "10.12"]
[White "Garifullina, Leya"]
[Black "Badelka, Olga"]
[Result "0-1"]
[WhiteElo "2409"]
[BlackElo "2438"]
[Annotator "NA"]
[PlyCount "72"]
[EventDate "2021.10.27"]
[EventType "swiss"]
[EventCountry "LAT"]
[Tiebreak "Cut1 Buchholz+Sonneborn-Berger (Swiss)"]
[SourceTitle "playchess.com"]
[Source "ChessBase"]
[SourceQuality "1"]
[TimeControl "40/6000+30:20/3000+30:900+30"]

1. e4 {[%emt 0:10:04]} e5 {[%emt 0:10:05]} 2. Nf3 {[%emt 0:00:10]} Nc6 {
[%emt 0:00:06]} 3. Bb5 {[%emt 0:00:07]} f5 {[%emt 0:00:05]} 4. d3 {[%emt 0:01:
35]} fxe4 {[%emt 0:00:11]} 5. dxe4 {[%emt 0:01:30]} Nf6 {[%emt 0:00:11]} 6. Nc3
{[%emt 0:02:12]} Bb4 {[%emt 0:03:33]} 7. Qd3 {[%emt 0:06:20]} d6 {[%emt 0:01:
16]} 8. Bg5 {[%emt 0:03:30]} h6 {[%emt 0:07:49]} 9. Bd2 {[%emt 0:01:29]} Be6 {
[%emt 0:02:46]} 10. Nh4 {[%emt 0:06:37]} Bxc3 {[%emt 0:02:53]} 11. Bxc3 {
[%emt 0:01:10]} O-O {[%emt 0:02:28]} 12. Ng6 {[%emt 0:04:50]} Re8 {[%emt 0:03:
48]} 13. O-O {[%emt 0:01:23]} Kh7 {[%emt 0:05:13]} 14. Nh4 {[%emt 0:03:12]} g5
{[%emt 0:03:14]} 15. Nf5 {[%emt 0:02:22]} Bxf5 {[%emt 0:01:47]} 16. exf5 {
[%emt 0:00:04]} a6 {[%emt 0:02:24]} 17. Ba4 {[%emt 0:01:00]} d5 {[%emt 0:05:08]
} 18. Rfe1 {[%emt 0:05:15]} Qd6 {[%emt 0:02:05]} 19. Rad1 {[%emt 0:00:58]} b5 {
[%emt 0:11:20]} 20. Bb3 {[%emt 0:00:18]} Rad8 {[%emt 0:00:21]} 21. h4 {[%emt 0:
06:43]} gxh4 {[%emt 0:07:34]} 22. Qh3 {[%emt 0:04:19]} Rg8 {[%emt 0:01:12]} 23.
Qxh4 {[%emt 0:05:51]} Rg4 {[%emt 0:02:30]} 24. Qh3 {[%emt 0:00:48]} Rdg8 {
[%emt 0:02:38]} 25. g3 {[%emt 0:01:44]} R8g5 {[%emt 0:14:09]} 26. Qg2 {[%emt 0:
07:30]} d4 {[%emt 0:00:14]} 27. Be6 {[%emt 0:05:31]} e4 {[%emt 0:00:30]} 28.
Kh2 {[%emt 0:03:52]} Qc5 {[%emt 0:02:32]} 29. Bd2 {[%emt 0:00:52]} Rh5+ {
[%emt 0:00:13]} 30. Kg1 {[%emt 0:00:05]} Ne5 {[%emt 0:00:14]} 31. b4 {[%emt 0:
11:01]} Qc6 {[%emt 0:01:18]} 32. Kf1 {[%emt 0:04:54]} Nf3 {[%emt 0:00:16]} 33.
Bc1 {[%emt 0:01:05]} Rh2 {[%emt 0:01:38]} 34. Qxh2 {[%emt 0:00:27]} Nxh2+ {
[%emt 0:00:04]} 35. Kg2 {[%emt 0:00:02]} e3+ {[%emt 0:01:02]} 36. Kxh2 {
[%emt 0:00:13]} Qf3 {[%emt 0:00:17]} 0-1

[Event "FIDE Womens Grand Swiss 2021"]
[Site "Riga"]
[Date "2021.11.06"]
[Round "10.13"]
[White "Buksa, Nataliya"]
[Black "Vantika Agrawal"]
[Result "0-1"]
[WhiteElo "2409"]
[BlackElo "2322"]
[Annotator "NA"]
[PlyCount "104"]
[EventDate "2021.10.27"]
[EventType "swiss"]
[EventCountry "LAT"]
[Tiebreak "Cut1 Buchholz+Sonneborn-Berger (Swiss)"]
[SourceTitle "playchess.com"]
[Source "ChessBase"]
[SourceQuality "1"]
[TimeControl "40/6000+30:20/3000+30:900+30"]

1. e4 {[%emt 0:10:02]} c5 {[%emt 0:11:27]} 2. Nf3 {[%emt 0:00:04]} d6 {[%emt 0:
00:04]} 3. d4 {[%emt 0:00:07]} cxd4 {[%emt 0:00:07]} 4. Nxd4 {[%emt 0:00:06]}
Nf6 {[%emt 0:00:08]} 5. Nc3 {[%emt 0:00:03]} a6 {[%emt 0:00:04]} 6. h3 {
[%emt 0:00:03]} e5 {[%emt 0:00:37]} 7. Nde2 {[%emt 0:00:04]} h5 {[%emt 0:00:12]
} 8. g3 {[%emt 0:00:04]} Be7 {[%emt 0:00:17]} 9. Bg2 {[%emt 0:00:05]} b5 {
[%emt 0:01:23]} 10. Nd5 {[%emt 0:00:07]} Nxd5 {[%emt 0:02:03]} 11. Qxd5 {
[%emt 0:01:10]} Ra7 {[%emt 0:03:57]} 12. Be3 {[%emt 0:00:04]} Rb7 {[%emt 0:01:
23]} 13. g4 {[%emt 0:00:06]} h4 {[%emt 0:07:06]} 14. Qd2 {[%emt 0:03:57]} Nd7 {
[%emt 0:23:10]} 15. O-O {[%emt 0:03:54]} O-O {[%emt 0:05:50]} 16. Rad1 {
[%emt 0:11:34]} Rc7 {[%emt 0:06:50]} 17. f4 {[%emt 0:09:26]} exf4 {[%emt 0:01:
53]} 18. Nxf4 {[%emt 0:04:59]} Bb7 {[%emt 0:03:12]} 19. c3 {[%emt 0:01:25]} Rc8
{[%emt 0:02:55]} 20. Nh5 {[%emt 0:09:11]} g6 {[%emt 0:02:27]} 21. Nf4 {[%emt 0:
04:46]} Ne5 {[%emt 0:04:03]} 22. b3 {[%emt 0:00:03]} Qc7 {[%emt 0:01:50]} 23.
Ne2 {[%emt 0:01:56]} Rfe8 {[%emt 0:02:13]} 24. Rf2 {[%emt 0:00:43]} Bc6 {
[%emt 0:05:10]} 25. Rdf1 {[%emt 0:03:00]} Qb7 {[%emt 0:02:34]} 26. Bd4 {
[%emt 0:02:30]} Bf8 {[%emt 0:02:37]} 27. Qf4 {[%emt 0:24:19]} Bg7 {[%emt 0:01:
46]} 28. Nc1 {[%emt 0:00:33]} Re7 {[%emt 0:01:03]} 29. b4 {[%emt 0:02:27]} d5 {
[%emt 0:01:31]} 30. exd5 {[%emt 0:04:00]} Bxd5 {[%emt 0:01:41]} 31. Bxd5 {
[%emt 0:00:56]} Qxd5 {[%emt 0:00:06]} 32. g5 {[%emt 0:00:03]} Nd7 {[%emt 0:04:
07]} 33. Bxg7 {[%emt 0:02:30]} Kxg7 {[%emt 0:00:06]} 34. Ne2 {[%emt 0:05:08]}
Rc4 {[%emt 0:00:56]} 35. Nd4 {[%emt 0:00:22]} Rxc3 {[%emt 0:02:20]} 36. Qxh4 {
[%emt 0:00:02]} Kg8 {[%emt 0:05:38]} 37. Ne2 {[%emt 0:05:26]} Rc4 {[%emt 0:02:
28]} 38. Nf4 {[%emt 0:00:03]} Qd4 {[%emt 0:00:24]} 39. Qh6 {[%emt 0:00:28]} Rc3
{[%emt 0:01:23]} 40. Kh2 {[%emt 0:02:11]} Ree3 {[%emt 0:01:51]} 41. Ng2 {
[%emt 0:24:34]} Qd6+ {[%emt 0:28:51]} 42. Rf4 {[%emt 0:00:05]} Re2 {[%emt 0:02:
40]} 43. Kh1 {[%emt 0:01:19]} Rcc2 {[%emt 0:06:12]} 44. Rg4 {[%emt 0:00:03]}
Rxg2 {[%emt 0:06:21]} 45. Rxg2 {[%emt 0:00:04]} Qd5 {[%emt 0:00:22]} 46. Rfg1 {
[%emt 0:00:23]} Ne5 {[%emt 0:00:16]} 47. a3 {[%emt 0:02:45]} Qe4 {[%emt 0:01:
16]} 48. Qh4 {[%emt 0:02:16]} Qxh4 {[%emt 0:00:24]} 49. Rxc2 {[%emt 0:00:03]}
Qxh3+ {[%emt 0:00:06]} 50. Rh2 {[%emt 0:00:04]} Qf3+ {[%emt 0:00:05]} 51. Rgg2
{[%emt 0:00:02]} Ng4 {[%emt 0:00:27]} 52. Rh4 {[%emt 0:00:10]} Ne3 {[%emt 0:00:
27]} 0-1

[Event "FIDE Womens Grand Swiss 2021"]
[Site "Riga"]
[Date "2021.11.06"]
[Round "10.14"]
[White "Melia, Salome"]
[Black "Atalik, Ekaterina"]
[Result "1/2-1/2"]
[WhiteElo "2371"]
[BlackElo "2420"]
[Annotator "NA"]
[PlyCount "74"]
[EventDate "2021.10.27"]
[EventType "swiss"]
[EventCountry "LAT"]
[Tiebreak "Cut1 Buchholz+Sonneborn-Berger (Swiss)"]
[SourceTitle "playchess.com"]
[Source "ChessBase"]
[SourceQuality "1"]
[TimeControl "40/6000+30:20/3000+30:900+30"]

1. e4 {[%emt 0:10:07]} c6 {[%emt 0:10:06]} 2. d4 {[%emt 0:00:05]} d5 {[%emt 0:
00:10]} 3. e5 {[%emt 0:00:52]} c5 {[%emt 0:00:18]} 4. dxc5 {[%emt 0:00:20]} e6
{[%emt 0:00:16]} 5. a3 {[%emt 0:00:19]} Nc6 {[%emt 0:00:27]} 6. Nf3 {[%emt 0:
01:45]} Bxc5 {[%emt 0:00:11]} 7. b4 {[%emt 0:00:05]} Bb6 {[%emt 0:00:22]} 8.
Bb2 {[%emt 0:00:10]} Nge7 {[%emt 0:00:33]} 9. Bd3 {[%emt 0:00:06]} Ng6 {
[%emt 0:00:22]} 10. O-O {[%emt 0:00:25]} O-O {[%emt 0:00:26]} 11. Re1 {[%emt 0:
00:17]} Bc7 {[%emt 0:01:13]} 12. b5 {[%emt 0:09:12]} Nb8 {[%emt 0:01:54]} 13.
Nbd2 {[%emt 0:03:35]} Nd7 {[%emt 0:01:48]} 14. g3 {[%emt 0:04:00]} Nc5 {
[%emt 0:03:41]} 15. Bf1 {[%emt 0:07:27]} b6 {[%emt 0:02:22]} 16. a4 {[%emt 0:
02:59]} Bb7 {[%emt 0:02:12]} 17. h4 {[%emt 0:01:38]} h6 {[%emt 0:05:04]} 18. h5
{[%emt 0:14:58]} Ne7 {[%emt 0:01:19]} 19. Nd4 {[%emt 0:06:50]} Nf5 {[%emt 0:12:
12]} 20. Bh3 {[%emt 0:08:13]} Nxd4 {[%emt 0:02:48]} 21. Bxd4 {[%emt 0:02:27]}
a6 {[%emt 0:00:56]} 22. f4 {[%emt 0:07:06]} axb5 {[%emt 0:02:40]} 23. axb5 {
[%emt 0:00:02]} Rxa1 {[%emt 0:00:16]} 24. Qxa1 {[%emt 0:00:12]} Qd7 {[%emt 0:
07:45]} 25. Bf1 {[%emt 0:00:44]} Ra8 {[%emt 0:02:01]} 26. Qb2 {[%emt 0:00:26]}
Bd8 {[%emt 0:03:17]} 27. Ra1 {[%emt 0:00:31]} Qc8 {[%emt 0:02:46]} 28. Rxa8 {
[%emt 0:01:51]} Qxa8 {[%emt 0:02:28]} 29. Qa1 {[%emt 0:00:09]} Qxa1 {[%emt 0:
01:15]} 30. Bxa1 {[%emt 0:00:02]} Be7 {[%emt 0:02:52]} 31. Bd4 {[%emt 0:00:54]}
Na4 {[%emt 0:05:19]} 32. Nb3 {[%emt 0:02:44]} Bb4 {[%emt 0:04:02]} 33. Kf2 {
[%emt 0:02:28]} Kf8 {[%emt 0:05:03]} 34. g4 {[%emt 0:04:51]} Bc8 {[%emt 0:05:
01]} 35. Ke3 {[%emt 0:02:53]} Bd7 {[%emt 0:02:53]} 36. c4 {[%emt 0:02:55]} dxc4
{[%emt 0:06:53]} 37. Bxc4 {[%emt 0:00:05]} Nc3 {[%emt 0:06:21]} 1/2-1/2

[Event "FIDE Womens Grand Swiss 2021"]
[Site "Riga"]
[Date "2021.11.06"]
[Round "10.15"]
[White "Arabidze, Meri"]
[Black "Sukandar, Irine Kharisma"]
[Result "0-1"]
[WhiteElo "2441"]
[BlackElo "2406"]
[Annotator "NA"]
[PlyCount "82"]
[EventDate "2021.10.27"]
[EventType "swiss"]
[EventCountry "LAT"]
[Tiebreak "Cut1 Buchholz+Sonneborn-Berger (Swiss)"]
[SourceTitle "playchess.com"]
[Source "ChessBase"]
[SourceQuality "1"]
[TimeControl "40/6000+30:20/3000+30:900+30"]

1. d4 {[%emt 0:10:05]} d5 {[%emt 0:10:41]} 2. c4 {[%emt 0:00:07]} e6 {[%emt 0:
00:05]} 3. Nc3 {[%emt 0:00:16]} Nf6 {[%emt 0:00:09]} 4. cxd5 {[%emt 0:00:16]}
exd5 {[%emt 0:00:08]} 5. Bg5 {[%emt 0:00:17]} Be7 {[%emt 0:00:32]} 6. e3 {
[%emt 0:00:14]} c6 {[%emt 0:02:59]} 7. Bd3 {[%emt 0:00:25]} Nbd7 {[%emt 0:00:
38]} 8. Qc2 {[%emt 0:00:44]} g6 {[%emt 0:14:02]} 9. Nf3 {[%emt 0:02:27]} Nh5 {
[%emt 0:01:28]} 10. Bxe7 {[%emt 0:03:55]} Qxe7 {[%emt 0:00:06]} 11. O-O {
[%emt 0:01:45]} O-O {[%emt 0:01:52]} 12. Rab1 {[%emt 0:05:06]} Nb6 {[%emt 0:05:
08]} 13. Rfe1 {[%emt 0:04:10]} Be6 {[%emt 0:03:10]} 14. b3 {[%emt 0:05:02]}
Rfe8 {[%emt 0:04:41]} 15. Nd2 {[%emt 0:15:07]} Rac8 {[%emt 0:09:29]} 16. Qb2 {
[%emt 0:02:24]} Qf6 {[%emt 0:03:30]} 17. a4 {[%emt 0:04:15]} Bf5 {[%emt 0:03:
55]} 18. Bxf5 {[%emt 0:01:47]} Qxf5 {[%emt 0:00:02]} 19. a5 {[%emt 0:01:53]}
Nd7 {[%emt 0:01:44]} 20. b4 {[%emt 0:01:38]} Re7 {[%emt 0:03:18]} 21. Rec1 {
[%emt 0:04:28]} Rce8 {[%emt 0:15:29]} 22. Nf3 {[%emt 0:04:03]} a6 {[%emt 0:01:
52]} 23. Na4 {[%emt 0:01:46]} g5 {[%emt 0:05:12]} 24. Nc5 {[%emt 0:06:44]} g4 {
[%emt 0:01:19]} 25. Ne1 {[%emt 0:02:36]} Nf8 {[%emt 0:01:06]} 26. Qc2 {[%emt 0:
08:02]} Qg5 {[%emt 0:02:05]} 27. Ned3 {[%emt 0:04:36]} Ng6 {[%emt 0:00:48]} 28.
g3 {[%emt 0:00:31]} Ng7 {[%emt 0:00:48]} 29. Qa2 {[%emt 0:03:49]} h5 {[%emt 0:
02:22]} 30. b5 {[%emt 0:09:07]} cxb5 {[%emt 0:01:20]} 31. Nb4 {[%emt 0:00:10]}
Rd8 {[%emt 0:00:32]} 32. Ncd3 {[%emt 0:00:09]} Ne6 {[%emt 0:00:54]} 33. Nf4 {
[%emt 0:05:38]} Ngxf4 {[%emt 0:03:19]} 34. exf4 {[%emt 0:00:13]} Qg7 {[%emt 0:
02:07]} 35. Re1 {[%emt 0:02:49]} Red7 {[%emt 0:00:21]} 36. Re5 {[%emt 0:00:23]}
Nxd4 {[%emt 0:00:28]} 37. Kg2 {[%emt 0:01:03]} Nf3 {[%emt 0:00:15]} 38. Rxh5 {
[%emt 0:00:58]} Qg6 {[%emt 0:01:11]} 39. Nxd5 {[%emt 0:00:23]} Rxd5 {[%emt 0:
01:16]} 40. Rxd5 {[%emt 0:00:24]} Rxd5 {[%emt 0:00:06]} 41. h3 {[%emt 0:23:05]}
Qe4 {[%emt 0:21:56]} 0-1

[Event "FIDE Womens Grand Swiss 2021"]
[Site "Riga"]
[Date "2021.11.06"]
[Round "10.16"]
[White "Sargsyan, Anna M."]
[Black "Abdumalik, Zhansaya"]
[Result "1/2-1/2"]
[WhiteElo "2402"]
[BlackElo "2507"]
[Annotator "ChessBase"]
[PlyCount "94"]
[EventDate "2021.10.27"]
[EventType "swiss"]
[EventCountry "LAT"]
[Tiebreak "Cut1 Buchholz+Sonneborn-Berger (Swiss)"]
[SourceTitle "playchess.com"]
[Source "ChessBase"]
[SourceQuality "1"]
[TimeControl "40/6000+30:20/3000+30:900+30"]

1. e4 {[%emt 0:10:05]} c5 {[%emt 0:10:06]} 2. Nf3 {[%emt 0:00:10]} e6 {[%emt 0:
00:05]} 3. d4 {[%emt 0:00:07]} cxd4 {[%emt 0:00:06]} 4. Nxd4 {[%emt 0:00:06]}
Nc6 {[%emt 0:00:08]} 5. Nc3 {[%emt 0:00:06]} Nf6 {[%emt 0:00:06]} 6. Nxc6 {
[%emt 0:00:59]} bxc6 {[%emt 0:00:06]} 7. e5 {[%emt 0:00:07]} Nd5 {[%emt 0:00:
03]} 8. Ne4 {[%emt 0:00:06]} Qc7 {[%emt 0:00:25]} 9. f4 {[%emt 0:01:44]} Rb8 {
[%emt 0:01:13]} 10. c4 {[%emt 0:03:57]} Bb4+ {[%emt 0:00:19]} 11. Kf2 {[%emt 0:
00:24]} O-O {[%emt 0:02:03]} 12. cxd5 {[%emt 0:01:27]} cxd5 {[%emt 0:00:38]}
13. Ng5 {[%emt 0:09:23]} f6 {[%emt 0:04:47]} 14. exf6 {[%emt 0:01:29]} Bc5+ {
[%emt 0:01:50]} 15. Kg3 {[%emt 0:03:42]} Rxf6 {[%emt 0:03:42]} 16. Qc2 {
[%emt 0:01:26]} g6 {[%emt 0:04:41]} 17. Nf3 {[%emt 0:10:14]} Rb4 {[%emt 0:05:
58]} 18. Kh3 {[%emt 0:12:00]} e5 {[%emt 0:04:46]} 19. g3 {[%emt 0:01:22]} e4 {
[%emt 0:06:45]} 20. Be2 {[%emt 0:03:26]} Rc6 {[%emt 0:14:37]} 21. Qd1 {[%emt 0:
10:13]} d6+ {[%emt 0:05:36]} 22. Kg2 {[%emt 0:00:36]} exf3+ {[%emt 0:04:30]}
23. Bxf3 {[%emt 0:00:06]} Rd4 {[%emt 0:00:46]} 24. Qb3 {[%emt 0:03:30]} Bb6 {
[%emt 0:15:12]} 25. Re1 {[%emt 0:02:36]} Rc2+ {[%emt 0:00:29]} 26. Kh1 {
[%emt 0:00:50]} Bf5 {[%emt 0:08:59]} 27. Be3 {[%emt 0:08:02]} Rd3 {[%emt 0:00:
27]} 28. Bxb6 {[%emt 0:01:10]} axb6 {[%emt 0:04:21]} 29. Qb5 {[%emt 0:01:57]}
Qc6 {[%emt 0:03:26]} 30. Qxc6 {[%emt 0:00:56]} Rxc6 {[%emt 0:00:01]} 31. Re3 {
[%emt 0:03:52]} Rd2 {[%emt 0:02:20]} 32. Re2 {[%emt 0:03:46]} Rxe2 {[%emt 0:01:
18]} 33. Bxd5+ {[%emt 0:00:09]} Kf8 {[%emt 0:02:30]} 34. Bxc6 {[%emt 0:00:06]}
Rxb2 {[%emt 0:00:10]} 35. a4 {[%emt 0:02:48]} Rc2 {[%emt 0:02:08]} 36. Bf3 {
[%emt 0:00:30]} Rf2 {[%emt 0:01:06]} 37. Bc6 {[%emt 0:00:38]} Bh3 {[%emt 0:01:
55]} 38. Kg1 {[%emt 0:00:31]} Rc2 {[%emt 0:01:15]} 39. Bf3 {[%emt 0:00:09]} Bf5
{[%emt 0:00:32]} 40. a5 {[%emt 0:01:47]} bxa5 {[%emt 0:00:04]} 41. Rxa5 {
[%emt 0:50:03]} Rc7 {[%emt 0:50:46]} 42. g4 {[%emt 0:00:58]} Bd7 {[%emt 0:00:
00]} 43. Kf2 {[%emt 0:00:00]} Ke7 {[%emt 0:00:00]} 44. Kg3 {[%emt 0:00:00]} Rc3
{[%emt 0:00:00]} 45. Kf2 {[%emt 0:00:00]} Rc7 {[%emt 0:00:00]} 46. Kg3 {
[%emt 0:00:00]} Be6 {[%emt 0:00:00]} 47. h4 {[%emt 0:00:00]} Bf7 {[%emt 0:00:
00]} 1/2-1/2